00659cam a22002291 4500001000800000005001700008008004100025010001700066035001800083040002700101041000800128080001700136082001700153100000700170101000800177245002400185504003000209906004500239942001200284999001700296952011600313694661620180115094528.0721017s1948 dcuac b 000 0beng  a 48002544  a(OCoLC)445559 aDLCcODaWUdOCoLCdDLC aeng a923.673 QUA a923.673 QUA1 a16 aHIS10aFrederick Douglass. aBibliography: p. 351-362. a7bcbccoclcrplduencipf19gy-gencatlg 2ddccBK c40318d40318 00102udc40708PËKGa002b002cPËKGd2018-01-15l0o923.673 QUAp002-2995388r2018-01-15w2018-01-15yBK